000 00538nam a22002057a 4500
003 CEME
005 20210628205020.0
008 210128b xxu||||| |||| 00| 0 eng d
020 _a9814-12-667-5
040 _c.
082 _a620.106 MUN
100 _aMunson, Bruce.R
_910226
245 _aFundamentals of fluid mechanics,with cd-rom
250 _a4TH
260 _aINDIA
_bJOHN WIELY
_c2002
300 _aXVII,843P
650 _aFLUID MECHANICS
_91678
700 _aYoung, Donald.F,Okiishi, Theodore.H
_973408
942 _cBK
_2ddc
999 _c579158
_d579158